The Muslim World After 9/11 (Record no. 352695)
[ view plain ]
| 000 -LEADER | |
|---|---|
| fixed length control field | 00720nam a2200133Ia 4500 |
| 008 - FIXED-LENGTH DATA ELEMENTS--GENERAL INFORMATION | |
| fixed length control field | 171212s9999 xx 000 0 und d |
| 020 ## - INTERNATIONAL STANDARD BOOK NUMBER | |
| International Standard Book Number | 9780833035349 |
| 100 ## - MAIN ENTRY--PERSONAL NAME | |
| Personal name | Rabasa, Angel;Waxman, Matthew;Larson, Eric V.;Marcum, Cheryl Y. |
| 245 ## - TITLE STATEMENT | |
| Statement of responsibility, etc | Rabasa, Angel;Waxman, Matthew;Larson, Eric V.;Marcum, Cheryl Y. |
| Title | The Muslim World After 9/11 |
| 260 ## - PUBLICATION, DISTRIBUTION, ETC. (IMPRINT) | |
| Name of publisher, distributor, etc | RAND Corporation |
| Date of publication, distribution, etc | 2004 |
| 650 ## - SUBJECT ADDED ENTRY--TOPICAL TERM | |
| Topical term or geographic name as entry element | Islamic countries -- Relations -- United States; United States -- Relations -- Islamic countries; September 11 Terrorist Attacks, 2001 -- Influence; Islam and politics -- Islamic countries; Islamic fundamentalism; National security -- United States |
| 650 ## - SUBJECT ADDED ENTRY--TOPICAL TERM | |
| Topical term or geographic name as entry element | Political Science |
| 856 ## - ELECTRONIC LOCATION AND ACCESS | |
| Uniform Resource Identifier | <a href="www.jstor.org/stable/10.7249/mg246af">www.jstor.org/stable/10.7249/mg246af</a> |
| Withdrawn status | Lost status | Damaged status | Home library | Current library | Date acquired | Total Checkouts | Full call number | Date last seen | Price effective from | Koha item type |
|---|---|---|---|---|---|---|---|---|---|---|
| College Library | College Library | 12/12/2017 | DS35.74.U6M875 2004 | 12/12/2017 | 12/12/2017 | Curriculum - Based eBooks |